František Vician deväťdesiatročný

Bibliographic Details
Main Author: Kollárová, Zuzana, 1964- (Author)
Format: Article
Language:Slovak
Subjects:

MARC

LEADER 00000cab a2200000 ar4500
001 vtls008888010
003 SK-MaSNL
005 20260303061752.0
008 061205c2002 xo |r|p|||||||000 b|slo
015 |a SNBRA2006/11  |2 snkbucl 
038 |a SNKBUCL 
040 |a SNKBUCL  |b slo  |c SNKBUCL  |e AACR2 
041 0 |a slo 
044 |a xo  |c SK 
080 |a 930.25-051  |2 2001 
080 |a Vician, František  |2 2001 
100 1 |a Kollárová, Zuzana,  |d 1964-  |4 aut  |9 103619 
245 1 0 |a František Vician deväťdesiatročný  |c Zuzana Kollárová 
600 1 7 |a Vician, František,  |d 1912-2005  |2 snkbucl  |9 92464 
773 0 |t Z minulosti Spiša IX-X/2001/2002  |d Levoča : Spišský dejepisný spolok, 2002  |g S. 318  |z 8096696475 
852 |a SNK  |b KIS3GCP 
958 |a BX 
999 |c 1736708  |d 1738638